00342nam a2200133Ia 4500008004100000041000800041082001600049100002200065245004700087260003100134300001200165650001200177650001900189210719s1899 xx 000 0 und d aeng a954.87 BOWR aBOWRING (Lewin B) aRulers of India:Haidar Ali and Tipu sultan bUniversity of Oxfordc1899 a251bHB aHistory aIndian History